Martin Heidegger /

التفاصيل البيبلوغرافية
المؤلف الرئيسي: Clark, Timothy, 1958-
التنسيق: كتاب
اللغة:English
منشور في: London ; New York : Routledge, c2002.
سلاسل:Routledge critical thinkers
الموضوعات:
Classic Catalogue: View this record in Classic Catalogue
LEADER 01286nam a22003254a 4500
001 0017156
003 BD-DhAAL
005 20250518122755.0
008 130730s2002 enk b 001 0 eng d
010 |a  2001031919 
020 |a 0415229286 
020 |a 0415229294 
020 |a 978415229296 
040 |a DLC  |c DLC  |d DLC  |d BD-DhAAL 
050 0 0 |a B3279.H49  |b C53 2002 
082 0 0 |a 193  |2 21 
100 1 |a Clark, Timothy,  |d 1958-  |9 2449 
245 1 0 |a Martin Heidegger /  |c Timothy Clark. 
260 |a London ;  |a New York :  |b Routledge,  |c c2002. 
300 |a xv, 184 p. ;  |c 21 cm 
490 |a Routledge critical thinkers 
504 |a Includes bibliographical references (p. [167]-176) and index. 
526 |a ENH  |x Prof. Syed Manzoorul Islam Faculty Member of BRAC University 
541 |e 17156  |a Friends' Book Corner 
600 1 0 |a Heidegger, Martin,  |d 1889-1976.  |9 2451 
830 |a Routledge critical thinkers  |9 2450 
852 |a Ayesha Abed Library  |c General Stacks 
942 |2 ddc  |c BK 
999 |c 13777  |d 13777 
952 |0 0  |1 0  |2 ddc  |4 0  |6 193_000000000000000_CLA  |7 0  |9 23042  |a BRACUL  |b BRACUL  |c GEN  |d 2013-07-30  |e Friends' Book Corner  |g 440.00  |l 3  |m 12  |o 193 CLA  |p 3010017156  |r 2025-04-06  |s 2025-01-17  |t 1  |w 2013-07-30  |y BK  |x Requisitioned by Prof. Syed Manzoorul Islam (Faculty Member of BRAC University).